Uma Thurman Movies - Statistics

General Stats
  • This quiz has been taken 13 times
  • The average score is 9 of 60
Answer Stats
Hint Answer % Correct
2003 Kill Bill Vol. 1
92%
1994 Pulp Fiction
83%
2004 Kill Bill Vol. 2
75%
1997 Gattaca
50%
1997 Batman and Robin
33%
1993 Even Cowgirls Get the Blues
33%
2006 My Super Ex-Girlfriend
25%
1988 Dangerous Liaisons
17%
1990 Henry and June
17%
1988 Johnny Be Good
17%
1987 Kiss Daddy Goodnight
17%
1998 Les Miserables
17%
1993 Mad Dog and Glory
17%
2009 Motherhood
17%
2003 Paycheck
17%
2005 Prime
17%
1991 Robin Hood
17%
2018 The Con is On
17%
2018 The House That Jack Built
17%
2005 The Producers
17%
1996 The Truth About Cats and Dogs
17%
2020 The War With Grandpa
17%
1995 A Month By the Lake
8%
2008 A Muppets Christmas: Letters to Santa
8%
1996 Beautiful Girls
8%
2005 Be Cool
8%
2012 Bel Ami
8%
2015 Burnt
8%
2010 Ceremony
8%
2001 Chelsea Walls
8%
1995 Duke of Groove
8%
1991 Dylan Thomas
8%
1992 Final Analysis
8%
1996 Four Tales of Two Cities
8%
TBD Girl Soldier
8%
2000 Hamlet
8%
TBD Hollywood Stargirl
8%
2002 Hysterical Blindness
8%
1992 Jennifer 8
8%
1997 Julian Po
8%
2011 Kill Bill: The Whole Bloody Affair
8%
2013 Movie 43
8%
2008 My Zinc Bed
8%
1984 Nausicaä of the Valley of the Wind
8%
2013 Nymphomaniac: Vol. I
8%
2013 Nymphomaniac: Vol. II
8%
2012 Playing for Keeps
8%
1999 Sweet and Lowdown
8%
2001 Tape
8%
TBD Tau Ceti Four
8%
2008 The Accidental Husband
8%
1988 The Adventures of Baron Munchausen
8%
1998 The Avengers
8%
2000 The Golden Bowl
8%
2007 The Life Before Her Eyes
8%
2005 The Naked Brothers Band: The Movie
8%
2000 Vatel
8%
1990 Where the Heart Is
8%
2018 Down a Dark Hill
0%
2010 Percy Jackson and the Olympians: The Lighting Thief
0%
No matching quizzes found
Score Distribution
Percent of People with Each Score
Percentile by Number Answered
Your Score History
You have not taken this quiz